| 000 | 00507nam a22001577a 4500 | ||
|---|---|---|---|
| 003 | macl | ||
| 005 | 20190620125405.0 | ||
| 008 | 190620b xxu||||| |||| 00| 0 eng d | ||
| 040 | _cmacl | ||
| 082 | _a415 | ||
| 100 |
_aमान रामकंवर _975387 |
||
| 245 | _aहिंदी में लिंग व्यावस्था | ||
| 260 |
_aदिल्ली _bतक्षशिला प्रकाशन _c2017 |
||
| 650 |
_aव्याकरण _975388 |
||
| 942 |
_2ddc _cHIN |
||
| 999 |
_c60148 _d60148 |
||